[Event "N3 - Agen / Ech Toulousain"]
[Site "?"]
[Date "2003.??.??"]
[Round "6.7"]
[White "Benard, Luc"]
[Black "Robichon, Franck"]
[Result "1-0"]
[WhiteElo "1880"]
[BlackElo "1890"]
[EventDate "2003.07.04"]
[PlyCount "101"]

1.d4 d5 2.Nc3 Bf5 3.Bf4 c6 4.e3 Nf6 5.Nf3 e6 6.Bd3 Bg6 7.Ne5 Bxd3 8.cxd3 
Bb4 9.O-O O-O 10.Bg5 Be7 11.Rc1 Nbd7 12.Bf4 Nxe5 13.Bxe5 Nd7 14.Bg3 f5 15.
Ne2 g5 16.Nc3 Nf6 17.Be5 Ng4 18.a3 Bd6 19.Bxd6 Qxd6 20.g3 Nf6 21.f4 g4 22.
Re1 Rad8 23.Qb3 Qd7 24.Rcd1 Rfe8 25.e4 b6 26.Re2 Re7 27.Kg2 Rde8 28.exf5 
exf5 29.Re5 h5 30.Rde1 Kg7 31.Qa4 Qb7 32.Kf2 Kg6 33.Qb4 Ng8 34.Qd6+ Kh7 
35.b4 Rxe5 36.Rxe5 Rxe5 37.dxe5 b5 38.e6 Qb6+ 39.Ke2 Qg1 40.Kd2 Qxh2+ 41.
Ne2 h4 42.e7 Nxe7 43.Qxe7+ Kg6 44.Qg5+ Kf7 45.Qxf5+ Ke8 46.Qg6+ Kd8 47.
Qg5+ Kc7 48.Qxh4 Qh3 49.Qxh3 gxh3 50.g4 Kd6 51.d4 1-0

[Event "N3 - Agen / Ech Toulousain"]
[Site "?"]
[Date "2003.??.??"]
[Round "6.5"]
[White "Dumont, Gilles"]
[Black "Sakri, Abdelhak"]
[Result "1-0"]
[WhiteElo "1900"]
[BlackElo "2020"]
[EventDate "2003.07.04"]
[PlyCount "67"]

1.e4 c6 2.d4 d5 3.Nc3 dxe4 4.Nxe4 Bf5 5.Ng3 Bg6 6.Nf3 Nd7 7.h4 h6 8.h5 Bh7
9.Bd3 Bxd3 10.Qxd3 Qc7 11.Bd2 e6 12.c4 Ngf6 13.Qe2 O-O-O 14.O-O-O Nb6 15.
Ba5 Qf4+ 16.Kb1 Rd7 17.Rh4 Qb8 18.Ne5 Re7 19.Ne4 Nxe4 20.Rxe4 Nd7 21.Nxd7 
Rxd7 22.d5 b6 23.dxe6 Rxd1+ 24.Qxd1 Qd6 25.Qxd6 Bxd6 26.Bc3 f6 27.f4 Kd8 
28.f5 Re8 29.b4 Ke7 30.Kc2 Rc8 31.Rg4 Kf8 32.Rd4 Bxb4 33.Bxb4+ c5 34.Ba3 
1-0

[Event "N3 - Agen / Ech Toulousain"]
[Site "?"]
[Date "2003.??.??"]
[Round "6.3"]
[White "Marciniak, Gerard"]
[Black "Lebon, Joffrey"]
[Result "1/2-1/2"]
[WhiteElo "2170"]
[BlackElo "2031"]
[EventDate "2003.07.04"]
[PlyCount "44"]

1.e4 e5 2.Nf3 Nc6 3.Nc3 Be7 4.d4 exd4 5.Nxd4 d6 6.Be3 Nf6 7.Be2 O-O 8.O-O 
Re8 9.f4 Bd7 10.e5 dxe5 11.Nxc6 Bxc6 12.fxe5 Nd7 13.Rxf7 Bg5 14.Bd4 Nxe5 
15.Rf5 Bf6 16.Bxe5 Rxe5 17.Bc4+ Kh8 18.Rxe5 Bxe5 19.Qxd8+ Rxd8 20.Rd1 
Rxd1+ 21.Nxd1 Be4 22.c3 Bf4 1/2-1/2

[Event "Open A "]
[Site "?"]
[Date "2003.??.??"]
[Round "?"]
[White "Fauré, Nicolas"]
[Black "Grégory, Daniel"]
[Result "1-0"]
[WhiteElo "1996"]
[BlackElo "2064"]
[EventDate "2003.06.23"]
[PlyCount "69"]

1.e4 c5 2.Nf3 d6 3.d4 cxd4 4.Nxd4 Nf6 5.Nc3 a6 $5 {La Sicilienne Najdorf, 
chere a Daniel "Pipo" Gregory qui l'a adoptee ,comme beaucoup d'autres 
joueurs, a la suite des exploits de Bobby Fischer au siecle dernier...} 6.
Be3 {L'attaque Anglaise, une arme relativement recente et tres a la mode a
haut niveau, des antidotes efficaces ayant ete trouvees par les Noirs 
contre les anciennes grandes lignes.} 
    ( 6.Bg5 e6 7.f4 Qb6 $5 {la variante du" pion empoisonne" semble 
    analysee jusqu'a la nulle par echec perpetuel dans ses grandes lignes!
    } )
    ( {et la suite favorite de Fischer (avec les Blancs)} 6.Bc4 $5 {amene 
    des positions tres analysees et tres tendues ou , cependant, le 
    dernier mot ne semble pas etre dit dans la ligne} 6...e6 7.Bb3 b5 8.
    Bg5 $5 Be7 9.Qf3 )
6...e6 
    ( 6...e5 $5 {est le "vrai" coup Najdorf (l'echec perturbateur en b5 
    est desormais interdit), mais le manque de souplesse et le "trou" en 
    d5 ne sont pas du gout de tous.} 7.Nb3 
        ( 7.Nf3 $5 h6 )
    7...Be6 8.f3 
        ( 8.Be2 Be7 )
    8...Nbd7 9.g4 Nb6 10.g5 Nh5 11.Qd2 {fut ,avec des interversions de 
    coups, le theme de la partie Bacrot-Lautier 10eme ronde du meme 
    championnat de France que cette partie, mais dans le National.1-0. 54 
    coups.} )
    ( 6...Ng4 $5 7.Bg5 h6 8.Bh4 g5 9.Bg3 Bg7 )
7.f3 {securise le pion e4, la place du Fe3 et prepare-theoriquement- 
l'assaut de pions g4, h4 sur l'aile-roi.} 
    ( 7.Be2 {est aussi possible , transposant dans la variante de 
    Scheveningen, et fut le theme de parties fantastiques entre Karpov et 
    Kasparov lors de l'accession de ce dernier au titre supreme...au 
    siecle dernier.Depuis ce match, Anatoly ne joue quasiment plus 1.e4!} 
    )
7...b5 8.Bd3 
    ( 8.g4 {est le coup "normal" de cette variante, par exemple:} 8...Nfd7
    9.Qd2 Nb6 10.O-O-O N8d7 11.Bd3 Bb7 12.Kb1 Rc8 13.Bg5 Qc7 14.Rhe1 Ne5 
    15.f4 Nec4 16.Qc1 h6 17.Nd5 $5 {un assaut direct tres" Polgaresque"} 
    17...Qc5 
        ( 17...exd5 18.exd5+ Kd7 19.Bf5# )
    18.Nb3 Qf2 19.Rf1 Qg2 20.Nxb6 Nxb6 21.Qe3 Nc4 22.Qa7 Bxe4 23.Qxa6 Rb8 
    24.Rg1 hxg5 25.Rxg2 Bxg2 26.Bxc4 bxc4 27.Qa4+ {1-0. Judith 
    Polgar-Anand 2003} )
8...Nbd7 9.O-O {inhabituel, Nicolas ne veut pas engager la course propre 
aux roques opposes.Les Noirs semblent egaliser assez facilement, leur 
attaque classique sur l'aile dame n'ayant pas de punition au centre ou sur
l'aile-roi.} 9...Bb7 10.a3 Be7 11.f4 Qc7 
    ( 11...Nc5 $5 {met la pression sur e4 , autorise l'eventuel echange du
    fou blanc et donne une case en d7 a l'autre cavalier.} )
12.Qe2 O-O 13.g4 Nc5 $1 14.Qf3 Nfd7 $6 
    ( 14...d5 $1 {le coup cle de riposte centrale a une avancee un peu 
    hasardeuse sur l'aile.Le joueur de defense Sicilienne doit toujours 
    etre pret, au bon moment, a effectuer cette percee qui valorise sa 
    majorite centrale(suite a l'echange c5Xd4) et ouvre des lignes sur le 
    roi blanc affaibli.} )
15.g5 f5 $6 {tentant mais affaiblissant} 
    ( 15...d5 $1 16.exd5 Nb6 $3 17.Qh3 Nxd3 18.cxd3 Nxd5 {avec un avantage
    qui ne peut etre reduit que par des coups sophistiques du type de} 19.
    g6 $5 hxg6 20.Nxe6 Qc8 21.Nxd5 Bxd5 22.f5 Bxe6 23.fxe6 Qxe6 24.Qxe6 
    fxe6 )
16.Qh3 g6 {Diagramme #} 17.Nxe6 $1 Nxe6 18.exf5 gxf5 19.Bxf5 Rxf5 20.Qxf5 
{Bilan du raid des pieces blanches: Egalite materielle approximative mais 
la position blanche est plus facile a jouer, les pions dominant les pieces
mineures noires decentralisees (hormis le fou b7).} 20...Ng7 21.Qh3 Bf8 
    ( 21...Rf8 $5 {pour etre pret a rendre une piece mineure sur les pions
    et a conjuguer l'ouverture de la colonne"f" avec la batterie Fb7-Dc6.}
    22.f5 Qc6 23.f6 Nxf6 24.gxf6 Bxf6 {eut teste la solidite nerveuse du 
    conducteur des Blancs...} )
22.f5 Ne5 23.f6 Ne8 24.Bd4 Qf7 25.Rad1 Nc7 
    ( 25...Nc4 $5 )
26.Bxe5 dxe5 27.Rd7 {l'invasion decisive.} 27...Bc5+ 28.Rf2 Bc8 29.Rxf7 
Bxh3 30.Rxc7 Be3 31.Nd5 $2 Ba7 32.Rg7+ Kh8 33.Rxa7 Rxa7 34.f7 Be6 35.f8=Q+
1-0

[Event "Tarbes"]
[Site "?"]
[Date "2003.??.??"]
[Round "1"]
[White "Surre, Frederic"]
[Black "Axisa, Gerard"]
[Result "1-0"]
[WhiteElo "1740"]
[BlackElo "2030"]
[PlyCount "79"]

1.e4 e5 2.Nf3 Nc6 3.Bb5 a6 4.Bxc6 dxc6 5.O-O Bd6 6.d4 Bg4 7.dxe5 Bxf3 8.
Qxf3 Bxe5 9.Rd1 Qh4 10.g3 Qf6 11.Qxf6 Bxf6 12.c3 Ne7 13.Bf4 Ng6 14.Bxc7 
O-O 15.Na3 b5 16.Nc2 Ne5 17.Bxe5 Bxe5 18.Nb4 c5 19.Nc6 Bf6 20.e5 Bd8 21.
Nxd8 Raxd8 22.Kf1 Rfe8 23.f4 Kf8 24.Ke2 f6 25.Rxd8 Rxd8 26.exf6 gxf6 27.
Rd1 Rxd1 28.Kxd1 f5 29.b4 c4 30.Kd2 Ke7 31.Ke3 Ke6 32.Kd4 Kd6 33.a3 h6 34.
h3 Ke6 35.Kc5 h5 36.h4 Kd7 37.Kd5 Kc7 38.Ke6 Kc6 39.Kxf5 a5 40.Ke6 1-0

[Event "Minimes 2003"]
[Site "?"]
[Date "2003.??.??"]
[Round "?"]
[White "Bouhana, Paul-Alexandre"]
[Black "Platel A."]
[Result "0-1"]
[WhiteElo "1990"]
[BlackElo "2136"]
[EventDate "2003.05.06"]
[PlyCount "42"]

1.e4 e5 2.f4 {Depuis cette saison, Paul-Alex s'est mis a jouer des debuts 
ouverts avec les Blancs. Ce choix n'est certainement pas mauvais dans son 
cas , une de ses qualites etant, lorsqu'il est en forme, un bon "feeling" 
pour les positions tactiques.Malheureusement,a ce championnat , la forme 
n'etait pas au rendez-vous et, sur la fin du tournoi, il est revenu (avec 
succes) a ses "vieux" debuts du type 1 d4,2 Cf3 et 3 Ff4 Etc...} 2...Bc5 
    ( 2...exf4 3.Nf3 {forme la variante principale du venerable gambit du 
    roi.} 
        ( {ou} 3.Bc4 )
    )
    ( 2...d5 {le contre gambit Falkbeer est une autre option, rendant coup
    pour coup a l'audacieux gambiteur.} 3.exd5 e4 
        ( 3...exf4 4.Nf3 c6 )
    )
3.Nf3 
    ( {bien sur, le cadeau en e5 n'en est pas un:} 3.fxe5 $2 Qh4+ )
3...d6 4.Nc3 
    ( {l'alternative est:} 4.c3 )
4...Nc6 5.Na4 Nf6 
    ( 5...Bb6 {semble plus naturel.} )
6.Nxc5 dxc5 7.Bb5 Bd7 8.d3 
    ( 8.Bxc6 $1 Bxc6 9.fxe5 Nxe4 $2 
        ( 9...Nd7 10.d3 {et le pion noir manquant va etre difficile a 
        recuperer...} )
    10.d3 {pris au lasso !} )
8...Nd4 9.Bxd7+ Nxd7 10.Nxe5 
    ( 10.O-O {semble raisonnable.} )
10...Nxe5 11.fxe5 Qh4+ 12.g3 Qh3 13.Kf2 O-O 14.Bg5 
    ( 14.c3 $1 )
14...f5 $1 15.exf6 h6 
    ( 15...Ne6 {semble bon aussi} )
16.c3 Nc6 17.Be3 Rxf6+ 18.Bf4 
    ( 18.Kg1 Ne5 19.Bf4 Raf8 {avec une attaque terrible!} )
18...g5 19.Qb3+ Kh8 20.Qxb7 Raf8 21.Qxc7 gxf4 {les Noirs envahissent sur 
la colonne "f", un comble dans cette ouverture!} 0-1

[Event "Juniors 2003"]
[Site "?"]
[Date "2003.??.??"]
[Round "?"]
[White "Deleva M."]
[Black "Constantin, David"]
[Result "1/2-1/2"]
[WhiteElo "2172"]
[BlackElo "2086"]
[EventDate "2003.05.06"]
[PlyCount "102"]

1.d4 d5 2.c4 c6 3.Nf3 Nf6 4.Nc3 a6 $5 {Une variante tres a la mode chez 
les joueurs de haut niveau,Etienne Bacrot et Eric Prie etant 2 
grands-maitres Francais qui la pratiquent regulierement. L'idee de ce 
"non-coup" (Kortchnoi !!, qui l'a severement critique sans jamais le 
refuter!) est double en realite: D'une part menacer de gagner de l'espace 
sur l'aile dame par ...b5 et d'autre part pouvoir sortir le fou de cases 
blanches en g4 par exemple sans craindre la traditionnelle replique Db3 
contree par b5 ou meme l'excentrique Ta7!?} 5.cxd5 
    ( 5.c5 )
    ( 5.Bg5 )
    ( 5.Ne5 )
5...cxd5 {un coup qui est tout sauf une tentative de refutation de ...a6, 
celui ci ayant la reputation d'etre une des meilleures repliques-pour 
jouer pour le gain du cote noir-dans la variante d'echange de la defense 
Slave.Par ex. 1d4...d5 -2 c4...c6 - 3cxd5...cxd5 -3 Cf3...Cc6 -4 Cc3... 
Cf6 - 5 Ff4... a6!? -6 e3...Fg4!} 6.Bg5 e6 {un peu trop solide peut-etre.}
    ( 6...Ne4 $5 7.Bf4 
        ( 7.Nxe4 dxe4 8.Ng1 Nc6 9.d5 Qa5+ $1 10.Qd2 Nb4 11.Rc1 Qxd5 )
    7...Nxc3 8.bxc3 Nc6 9.e3 Bf5 )
7.e3 Nc6 8.Bd3 Be7 9.Rc1 O-O 10.O-O h6 11.Bh4 Ne4 12.Nxe4 
    ( 12.Bxe7 Nxc3 13.Rxc3 Qxe7 {semble assez prometteur pour les Blancs 
    aussi.} )
12...Bxh4 13.Nc5 Be7 14.Bb1 Bxc5 {Il vaudrait certainement mieux garder la
paire de fous..} 15.Rxc5 Qd6 16.Qd3 g6 17.Rfc1 Bd7 18.Nh4 Ne7 19.Nf3 Bb5 
20.Qd2 Rac8 21.Ne5 Kg7 22.Qc3 Bc6 23.Qc2 Bd7 24.Qb3 f6 25.Rxc8 Rxc8 26.
Rxc8 Bxc8 27.Nd3 Qc7 28.Qc2 Qxc2 {Les Noirs ont fini par egaliser .} 29.
Bxc2 b6 30.Ba4 Kf7 31.Kf1 Bb7 32.Bd7 Bc6 33.Bxc6 Nxc6 34.Ke2 e5 35.Kd2 g5 
    ( 35...exd4 36.exd4 Nxd4 37.Nf4 $11 )
36.Kc3 e4 37.Nb4 Nxb4 38.Kxb4 Ke6 39.a4 Kd6 40.a5 b5 41.g4 Kc6 42.Kc3 Kd6 
43.h3 Ke6 44.Kb3 Kd7 45.Kc2 Kc6 46.b4 Kd6 47.Kd2 Ke6 48.Ke2 f5 49.f3 Kf6 
50.Kf2 Kg6 51.fxe4 fxe4 1/2-1/2

[Event "Cadettes 2003"]
[Site "?"]
[Date "2003.??.??"]
[Round "1"]
[White "Benmesbah, Sarah"]
[Black "Esposito"]
[Result "0-1"]
[WhiteElo "1650"]
[BlackElo "2090"]
[EventDate "2003.05.06"]
[PlyCount "86"]

1.e4 d6 2.d4 Nf6 3.Nc3 Nbd7 4.Nf3 
    ( 4.f4 $5 {est le coup le plus ambitieux.} )
4...e5 {L'ouverture a evolue vers la variante Philidor ( euh je voulais 
dire Garrel-Philidor...) dans sa version la plus calme.} 5.Bg5 $6 {Un coup
de "developpement" douteux qui force le naturel et bon} 5...Be7 {apres 
quoi le Fg5 est perpetuellement "en l'air".} 6.Bc4 c6 7.dxe5 
    ( 7.a4 $1 )
7...dxe5 8.O-O b5 9.Bxf6 Bxf6 10.Bb3 {les Noirs ont confortablement 
egalise sinon plus.} 10...Qc7 11.Re1 O-O 12.Qe2 Nc5 13.Qe3 Qe7 
    ( 13...Be7 )
14.Rad1 a5 $1 {force un affaiblissement} 15.a4 Nxb3 {et recupere le fruit 
d'une saine strategie(paire de fous et mauvaise structure blanche).} 16.
cxb3 b4 17.Nb1 {mais Sarah ne se laisse pas impressionner et trouve une 
belle manoeuvre qui lui redonne une approximative egalite!} 17...Be6 18.
Nbd2 Rfd8 19.Nc4 Bxc4 {quoi d'autre?} 
    ( 19...Qc7 20.Qc5 $1 )
20.bxc4 Qc7 21.Qc5 $1 b3 $5 {Une tentative pour forcer les evenements!} 
22.Nd2 $6 
    ( 22.Qe3 )
22...Rd3 23.Nf3 Rad8 24.Rxd3 Rxd3 25.Kf1 g6 26.Kg1 
    ( 26.Re3 Rd1+ 27.Re1 Qd7 28.Qe3 {semble tenir.} )
26...Bg7 27.Kf1 f6 $1 28.Re3 Bf8 29.Qxf8+ Kxf8 30.Rxd3 {ca pourrait 
tenr...mais si le pion b3 etait blanc!} 30...Qb6 31.Nd2 Qb4 32.Rd8+ Ke7 
33.Rd3 Qxa4 34.Rxb3 Qa1+ 35.Ke2 Qg1 36.Rb7+ Kd6 37.Rxh7 Qxg2 38.Ra7 Qxh2 
39.Rxa5 f5 40.Nf3 Qh5 41.exf5 e4 42.c5+ Kd5 43.fxg6 Qxf3+ 0-1

[Event "Benjamins 2003"]
[Site "?"]
[Date "2003.??.??"]
[Round "?"]
[White "Henry, Guillaume"]
[Black "Levitt, Olivier"]
[Result "1-0"]
[WhiteElo "2100"]
[BlackElo "1780"]
[EventDate "2003.05.06"]
[PlyCount "75"]

1.e4 c5 2.Nc3 Nc6 3.f4 g6 4.Nf3 Bg7 5.Bc4 e6 6.f5 exf5 $6 
    ( 6...Nge7 {est le coup recommande par la mere Theorie...} 7.fxe6 fxe6
        ( 7...dxe6 )
    8.O-O O-O 9.d3 d5 10.Bb3 {avec jeu incertain.} )
7.d3 $1 Nf6 8.O-O O-O 9.Qe1 d6 10.Qh4 {face a l'initiative blanche , 
Olivier se defend avec imagination:} 10...Ne5 $5 11.Bg5 
    ( 11.Nxe5 dxe5 12.Bg5 Qd4+ )
11...Nxc4 12.dxc4 $6 
    ( {Il eut fallu oser ici} 12.Nd5 $1 {avec une tres forte attaque!} 
    12...Qe8 
        ( 12...Nxd5 13.Bxd8 Nde3 14.dxc4 Nxf1 15.Rxf1 fxe4 16.Ng5 $18 )
    13.Nxf6+ Bxf6 14.Bxf6 h5 15.dxc4 Qxe4 16.Qg5 Kh7 17.Bc3 $18 )
12...h6 $1 13.Bxh6 Nxe4 14.Ng5 Nxg5 
    ( 14...Bxh6 $1 15.Ncxe4 Kg7 {et les Noirs gagnent!} )
15.Bxg5 f6 16.Bd2 Be6 17.Nd5 Bxd5 $1 {trop content de mettre un pion 
adverse dans la case forte!} 18.cxd5 Re8 19.Qg3 Kf7 20.Rae1 Re5 21.Bf4 
Rxd5 $2 
    ( {j'aurais tente ici} 21...Qe7 $5 22.Bxe5 fxe5 {avec, me semble-t-il,
    de bonnes compensations pour la qualite!?} )
    ( 21...Re4 {est le coup raisonnable.} 22.Bxd6 $6 
        ( 22.b3 Qd7 23.c4 Rae8 )
    22...Rg4 23.Qb3 Rb4 
        ( 23...Qxd6 $2 24.Qxb7+ )
    24.Qg3 $11 {avec une curieuse attaque perpetuelle sur la dame!} )
22.Qb3 c4 23.Qxc4 
    ( 23.Qxb7+ $1 )
23...Qb6+ 24.Be3 Qb5 25.Qc7+ Kg8 26.c4 Rc5 27.Bxc5 Qxc5+ 28.Qxc5 dxc5 29.
Re7 b6 30.Rd1 {c'est la fin} 30...Bf8 31.Re6 Kf7 32.Re2 Re8 33.Rd7+ Re7 
34.Rexe7+ Bxe7 35.Rxa7 Ke6 36.Rb7 Bd8 37.Kf2 Ke5 38.Rd7 1-0

[Event "Benjamines 2003"]
[Site "?"]
[Date "2003.??.??"]
[Round "?"]
[White "Cwiek, Perrine"]
[Black "Benmesbah, Natacha"]
[Result "0-1"]
[WhiteElo "1670"]
[BlackElo "1910"]
[EventDate "2003.05.06"]
[PlyCount "198"]

1.e4 e5 2.Nf3 Nc6 3.Bb5 a6 4.Ba4 Nf6 5.O-O Be7 6.Nc3 {Dans ce choc de nos 
"stars" regionales, l'avantage de depart est plutot a Natacha (grozelo, 
plus grande experience du haut niveau, score positif dans les rencontres 
les plus recentes) , ce qui explique le choix resolument ...solide de 
Perrine dans l'ouverture!} 
    ( 6.Re1 b5 7.Bb3 O-O 
        ( {ou} 7...d6 )
    )
6...b5 7.Bb3 O-O 8.d3 d6 9.h3 
    ( 9.a3 Bg4 10.Be3 {semble meilleur , preservant le fou de cases 
    blanches.} )
9...Na5 $1 10.Re1 Nxb3 11.axb3 Bb7 {Plan des Noirs: Faire valoir leur 
superiorite sur les cases blanches. Pour cela , preparer f5 et/ou d5 et 
sus au roi blanc!} 12.Nh4 $2 {Cette faute facilite singulierement 
l'execution du plan precite...} 12...Nxe4 13.Nxe4 Bxh4 14.Qe2 f5 $1 15.Nc3
Qf6 16.Kh2 Qg6 17.Rg1 b4 18.Nb1 f4 19.Nd2 {Diagramme #} 19...Bg3+ $5 20.
Kh1 
    ( 20.fxg3 $4 Qxg3+ 21.Kh1 Qxh3# )
20...Qh6 21.Nf3 Bh4 {Le plan de Perrine: Survivre au milieu de jeu a fous 
de couleurs opposees qui donne un gros avantage a celui qui a l'initiative
pour arriver a une finale ou les memes fous donnent des chances serieuses 
de nulle .} 22.Nxh4 Qxh4 23.Kh2 f3 
    ( 23...Bxg2 $1 {etait plus radical!} )
24.gxf3 Rxf3 25.Rg3 Raf8 26.Be3 Rxg3 27.fxg3 Qf6 28.Re1 Bc8 29.Qg2 Qf5 30.
Rd1 h5 {les ultimes reserves pour briser l'hero..que defense blanche!} 31.
Re1 c5 32.Rh1 Qf3 33.Re1 Bb7 34.Qxf3 Rxf3 35.h4 Kf7 36.Kh3 Kg6 37.Kh2 Kf5 
38.Kh3 Bc6 39.Bg1 {"presque " zugzwang!} 39...g5 40.hxg5 Kxg5 41.Be3+ Kg6 
42.Kh4 Bd7 43.Bg1 Bg4 $1 {On n'est pas encore dans la finale nullifiante 
deja evoquee... les Blancs peuvent encore se faire mater!} 44.Be3 Kf5 45.
Bg1 Ke6 46.Ra1 Kd5 47.Rxa6 Rf1 48.Be3 Rf6 
    ( 48...Rh1+ $1 49.Kg5 Re1 50.Bd2 Re2 51.c4+ Ke6 52.Bc1 Rg2 53.Be3 
        ( 53.Kh4 $2 Kf5 {conduit au mat!} )
    53...Kd7 {et b2 ou g3 vont tomber.} )
49.Bg1 Rf3 50.Ra1 e4 51.dxe4+ Kxe4 52.Re1+ Kd5 53.Rd1+ Kc6 54.Re1 d5 55.
Rc1 Kb5 {Natacha y croit toujours mais son seul avantage est desormais la 
passivite du roi blanc.} 56.Re1 Rf8 57.Re5 Kc6 58.Re1 Ra8 59.Be3 d4 60.Bd2
Ra2 61.Rb1 Kd5 62.Kg5 Ke6 63.Bf4 Kd5 64.Bd2 Kc6 65.Bf4 Kb5 66.Kf6 Ra6+ 67.
Kg5 c4 68.bxc4+ Kxc4 69.Bd2 Ra5+ 70.Kf4 Rf5+ 71.Ke4 Rf2 72.Be1 Rxc2 73.b3+
Kc5 74.Kf4 Re2 75.Rc1+ Kb5 76.Rd1 Re7 77.Rb1 d3 78.Bd2 Re2 79.Rb2 Rh2 80.
Ke3 Bf5 81.Kf4 Bh7 82.Ke3 Re2+ 83.Kf4 Bg8 84.Kg5 Rh2 85.Kf4 Bxb3 $1 86.Ke3
Kc4 87.Bc1 Rxb2 88.Bxb2 Bc2 89.Kd2 b3 90.Ba1 Kd5 {Les Noirs ont desormais 
mis a nu 3 faiblesses: Le pion g3 et les cases b2 et d2, c'est trop pour 
les 2 pieces blanches restantes. ..} 91.Ke3 Ke6 {en route pour la 
cueillette!} 92.Kd2 Kf5 93.Kc1 Kg4 94.Be5 Kf3 95.Bf4 Ke2 96.Bg5 b2+ 97.
Kxb2 d2 98.Bxd2 Kxd2 99.Ka3 Ke3 0-1

[Event "2e Open Condom"]
[Site "?"]
[Date "2003.??.??"]
[Round "5.20"]
[White "Rouede, Gilbert"]
[Black "Garrel, Alain"]
[Result "1/2-1/2"]
[WhiteElo "1890"]
[BlackElo "2162"]
[EventDate "2003.??.??"]
[PlyCount "47"]

1.e4 d6 2.d4 Nf6 3.Nc3 Nbd7 4.Nf3 e5 5.Be2 Be7 6.O-O O-O 7.h3 c6 8.Be3 Qc7
9.a4 b6 10.Re1 Bb7 11.Qd2 a6 12.Bd3 b5 13.axb5 axb5 14.dxe5 dxe5 15.Rxa8 
Rxa8 16.Bg5 Nc5 17.Qe3 Ne6 18.Ne2 Bc5 19.Qc1 Nxg5 20.Qxg5 Re8 21.Ng3 Bc8 
22.Nh4 h6 23.Qc1 Qa7 24.Rf1 1/2-1/2

[Event "2e Open Condom"]
[Site "?"]
[Date "2003.??.??"]
[Round "5.30"]
[White "Marciniak, Gerard"]
[Black "Hostekind, Laurent"]
[Result "1-0"]
[WhiteElo "2155"]
[BlackElo "1990"]
[EventDate "2003.??.??"]
[PlyCount "33"]

1.d4 Nf6 2.c4 e5 3.dxe5 Ng4 4.Bf4 Bb4+ 5.Nd2 d6 6.exd6 Qf6 7.Bg3 Bxd6 8.
Ngf3 Bxg3 9.hxg3 Qxb2 10.e3 Ne5 11.Rb1 Nxf3+ 12.Qxf3 Qc2 13.Rxb7 Qc1+ 14.
Ke2 Be6 15.Qe4 h6 16.Rb1 Qc3 17.Qxa8 1-0

[Event "Lyon-Condom"]
[Site "?"]
[Date "2003.??.??"]
[Round "3"]
[White "Thiriet, Benoit"]
[Black "Baumann"]
[Result "1/2-1/2"]
[WhiteElo "2156"]
[BlackElo "1960"]
[EventDate "2003.??.??"]
[PlyCount "48"]

1.d4 Nf6 2.Bg5 Ne4 3.Bf4 d5 4.e3 h5 5.f3 Nd6 6.Nc3 c6 7.e4 e6 8.Qd2 Nd7 9.
Bxd6 Bxd6 10.e5 Bb4 11.f4 b5 12.Bd3 Nb6 13.a3 Be7 14.b3 a5 15.a4 b4 16.
Nce2 Ba6 17.Bxa6 Rxa6 18.Qd3 Qc8 19.Nf3 g6 20.O-O Ra7 21.Kh1 Qa6 22.Qd2 
Rc7 23.Rae1 Nd7 24.Ng3 Kf8 1/2-1/2

[Event "Lyon-Condom"]
[Site "?"]
[Date "2003.??.??"]
[Round "3"]
[White "Lazarev"]
[Black "Ducret"]
[Result "1-0"]
[WhiteElo "2526"]
[BlackElo "2222"]
[EventDate "2003.??.??"]
[PlyCount "57"]

1.d4 Nf6 2.c4 e6 3.Nf3 b6 4.a3 c5 5.d5 Ba6 6.Qc2 exd5 7.cxd5 g6 8.Nc3 Bg7 
9.Bf4 d6 10.Qa4+ Qd7 11.Bxd6 Qxa4 12.Nxa4 Nxd5 13.e4 Bxf1 14.Rxf1 Ne7 15.
O-O-O Nbc6 16.Nc3 Bxc3 17.bxc3 Rd8 18.g4 h6 19.h4 Nc8 20.Be5 Rxd1+ 21.Rxd1
Nxe5 22.Nxe5 Ne7 23.Rd6 Rh7 24.a4 Rg7 25.Kc2 f5 26.f3 fxe4 27.fxe4 Rg8 28.
Re6 Rg7 29.Kb3 1-0

[Event "Lyon-Condom"]
[Site "?"]
[Date "2003.??.??"]
[Round "3"]
[White "Delpech"]
[Black "Dubreuil"]
[Result "1-0"]
[WhiteElo "2110"]
[BlackElo "2196"]
[EventDate "2003.??.??"]
[PlyCount "161"]

1.e4 e5 2.Nf3 Nc6 3.Nc3 Nf6 4.d4 Bb4 5.Nxe5 O-O 6.Qd3 Re8 7.Bd2 Nxd4 8.
Qxd4 c5 9.Qd3 Rxe5 10.O-O-O d5 11.Nxd5 Nxd5 12.Bxb4 cxb4 13.f4 Re8 14.Qxd5
Qb6 15.f5 Rb8 16.Bc4 Qc7 17.Bb5 Rf8 18.Qd6 Qxd6 19.Rxd6 b6 20.Rhd1 Bb7 21.
Bc6 h5 22.Bxb7 Rxb7 23.Rd7 Rxd7 24.Rxd7 Re8 25.Rd4 a5 26.Kd2 g6 27.Rd6 
gxf5 28.exf5 Re5 29.Rxb6 Rxf5 30.Rb8+ Kg7 31.Re8 Rd5+ 32.Ke2 Rc5 33.Kd1 
Rd5+ 34.Ke1 Rc5 35.Re2 Kg6 36.Kf2 f6 37.Ke3 Rd5 38.c4 bxc3 39.bxc3 a4 40.
Rd2 Rc5 41.Kd4 Rc8 42.c4 Kf7 43.Re2 Rd8+ 44.Kc5 Rc8+ 45.Kb4 a3 46.c5 Rb8+ 
47.Kxa3 Rb5 48.Rc2 Ke7 49.c6 Kd8 50.c7+ Kc8 51.g3 h4 52.gxh4 Re5 53.Kb4 
Re4+ 54.Rc4 Re2 55.a4 Rb2+ 56.Kc3 Rxh2 57.Kd3 f5 58.Ke3 Rh3+ 59.Kf2 f4 60.
Rxf4 Kxc7 61.Kg2 Re3 62.h5 Re6 63.Rh4 Rh6 64.Kg3 Kd7 65.Kg4 Ke7 66.Kg5 Ra6
67.h6 Kf7 68.Rf4+ Kg8 69.Kf5 Rxh6 70.Ke5 Rc6 71.Kd5 Rc1 72.Kd6 Kg7 73.a5 
Ra1 74.Rf5 Rc1 75.Rc5 Ra1 76.Kc7 Kf7 77.Rb5 Ke7 78.Kb7 Kd6 79.a6 Rg1 80.a7
Rg7+ 81.Ka6 1-0